De retirante a trabalhador: a grande seca de 1877-1879 e a organizacao do mercado de trabalho livre em Pernambuco. /
Guardado en:
| Autor Principal: | |
|---|---|
| Formato: | Libro |
| Idioma: | Portuguese |
| Publicado: |
Recife :
Universidade federal de Pernambuco,
1992.
|
| Series: | Mestrado em Historia
|
| Materias: | |
| Etiquetas: |
Agregar Etiqueta
Sin Etiquetas, Sea el primero en etiquetar este registro!
|
| LEADER | 00665nam a22001935a 4500 | ||
|---|---|---|---|
| 001 | EUN.um001908 | ||
| 003 | AR-BaUNS | ||
| 005 | 20050623122849.0 | ||
| 008 | 041125s1992####bl############000#0#por#d | ||
| 245 | 1 | 0 | |a De retirante a trabalhador: a grande seca de 1877-1879 e a organizacao do mercado de trabalho livre em Pernambuco. / |c Emilia V.R. Gantzer de Hounie. |
| 260 | |a Recife : |b Universidade federal de Pernambuco, |c 1992. | ||
| 300 | |a 126 p. | ||
| 490 | 0 | |a Mestrado em Historia | |
| 100 | 1 | |a Gantzer de Hounie, Emilia V.R. | |
| 082 | 0 | 4 | |a 331.0981 |
| 082 | 0 | 4 | |a 981 |
| 653 | |a Trabajo | ||
| 653 | |a Brasil | ||
| 859 | |a Ar-BaUNS |b BIB. CENTRAL - Sector C |h 331.0981 |i G159 |p 102334/993 | ||
